MARC

LEADER 00000nam0a2200000 4500
001 303975
005 20231102001645.0
035 |a (RuTPU)RU\TPU\book\329210 
090 |a 303975 
100 |a 20150908d1982 km y0rusy50 ca 
101 0 |a rus 
102 |a RU 
105 |a y z 001zy 
200 1 |a Индустриальное развитие Сибири в годы послевоенных пятилеток (1946-1960)  |f Академия наук СССР (АН СССР), Сибирское отделение (СО), Институт истории, филологии и философии ; под ред. В. В. Алексеева 
210 |a Новосибирск  |c Наука  |d 1982 
215 |a 224 с. 
320 |a Библиография в примечаниях. 
606 1 |a Сибирь  |x Экономика  |2 stltpush  |3 (RuTPU)RU\TPU\subj\36913  |9 58115 
610 1 |a индустриализация 
610 1 |a индустриальное развитие 
610 1 |a Сибирь 
610 1 |a 20 век 
610 1 |a экономический потенциал 
610 1 |a послевоенные пятилетки 
610 1 |a технический прогресс 
610 1 |a рабочие 
610 1 |a численность 
610 1 |a состав 
610 1 |a культурно-технический уровень 
686 |a У9(2Р5)  |v LBC/SL-A  |2 rubbk 
702 1 |a Алексеев  |b В. В.  |4 340 
712 0 2 |a Академия наук СССР (АН СССР)  |b Сибирское отделение (СО)  |b Институт истории, филологии и философии  |c (Новосибирск)  |2 stltpush  |3 (RuTPU)RU\TPU\col\11501 
801 1 |a RU  |b 63413507  |c 20150908 
801 2 |a RU  |b 63413507  |c 20210519  |g RCR 
942 |c BK